000
00357nam a22001577a 4500
003
MPLRDC
005
20220104114314.0
008
210129b ||||| |||| 00| 0 eng d
082
_a
857.45 BL v.2
100
_a
不详
245
_a
陈桥兵变
_c
260
_a
_b
百灵出版社
_c
300
_b
平
650
_a
历史小说
942
_c
BK
_o
857.45 BL v.2
999
_c
6445
_d
6435